000 00979nac a22002891i 4500
003 EG-ScBUE
005 20241030093421.0
008 241030t1988 nyua f 000 0 eng d
020 _a0070414807 (pbk.)
020 _a9780070991484
040 _aEG-ScBUE
_beng
_erda
_cEG-ScBUE
_dEG-ScBUE
082 0 4 _a515
_bMEN
_222
100 1 _aMendelson, Elliott,
_eauthor.
245 1 0 _aSchaum's 3000 solved problems in calculus /
_cby Elliott Mendelson, Ph.D., Queens College.
250 _aInternational edition
264 1 _aNew York :
_bMcGraw-Hill,
_c[1988]
264 4 _cc1988
300 _av, 442 pages :
_billustrations ;
_c28 cm.
336 _2rdacontent
_atext
_btxt
337 _aunmediated
_2rdamedia
_bn
338 _avolume
_bnc
_2rdacarrier
490 0 _aSchaum's solved problems series
650 7 _aCalculus
_xProblems, exercises, etc.
_2BUEsh
655 _vReading book
740 0 _aSchaum's three thousand solved problems in calculus.
942 _cBB
_2ddc
999 _c9391
_d9391